00438nam a2200157 a 450000100100000000500170001000800410002704000250006808200190009310000240011224500410013626000310017730000260020865000220023465000240025600001115120200929162355.0091014s1986 dr a 001 p spa d aDO-SdBNPbspacBNPHU aU861.44bF884p1 aFresco, Ana María10aPerdido cielo /cAna María Fresco. aMontevideo :bApex,c1986. a92 p. :bil ;c18 cm. 4aPoesía uruguaya 4aLiteratura uruguaya